Statistics for Mystery Category #11

Click here to take the quiz!

General Stats

  • This quiz has been taken 98 times
  • The average score is 6 of 13

Answer Stats

Lose a Letter, UnscrambleNew Word% Correct
HOGGO
100%
SKIRTRISK
76%
Mystery CategoryBoard Games
70%
FIELDLIFE
69%
ULCERCLUE
66%
PRECHECKSCHECKERS
55%
ROSARYSORRY
53%
CASHESCHESS
52%
JANGLEJENGA
42%
WARTIESTTWISTER
24%
PIANOFORTEOPERATION
15%
ALMANACSMANCALA
7%
GRIEVERSREVERSI
6%

Score Distribution

Percentile by Number Answered

Percent of People with Each Score

Your Score History

You have not taken this quiz